banner-ar

سلاح اليقظان لطرد الشيطان / (Record no. 6919)

MARC details
000 -الفاتح
حقل البيانات ثابتة الطول 00616nam a2200181Ia 4500
008 - عناصر البيانات ثابتة الطول - معلومات عامة
حقل البيانات ثابتة الطول 140319s9999 xx 000 0 ara d
040 ## - مصدر الفهرسة
وكالة الفهرسة الأصلية GCL /
وكالة النسخ GCL
082 04 - رقم تصنيف ديوى العشرى
رقم التصنيف 229.3
رقم المادة ع س
100 1# - المدخل الرئيسى - إسم شخصى
الإسم الشخصى عبدالعزيز بن محمد السلمان
245 10 - بيان العنوان
العنوان سلاح اليقظان لطرد الشيطان /
بيان المسئوليه,etc عبدالعزيز بن محمد السلمان
300 ## - الوصف المادى
التعداد 264 ص ؛
أبعاد الوعاء 24 سم
650 04 - المدخل الاضافى بالموضوع-مصطلح موضوعى
مصطلح موضوعي فضائل القران
650 04 - المدخل الاضافى بالموضوع-مصطلح موضوعى
مصطلح موضوعي خواص واسرار القرأن
650 04 - المدخل الاضافى بالموضوع-مصطلح موضوعى
مصطلح موضوعي الشياطين والجان فى القران
650 04 - المدخل الاضافى بالموضوع-مصطلح موضوعى
مصطلح موضوعي القران - ادعية
942 ## - عناصر المدخل الإضافي( كوها)
مصدر التصنيف او مخطط الترفيف Dewey Decimal Classification
Koha [default] item type كتاب
Holdings
حالة التراجع حالة الفقد حالة تلف ليس للاعارة المكان المؤقت الموقع الحالى تاريخ الاكتساب اجمالي اﻻعارات رقم الطلب الباركود تاريخ اخر مشاهدة تاريخ تفعيل السعر نوع وعاء كوها
        مكتبة القاهرة الكبرى مكتبة القاهرة الكبرى 03/26/2014   229.3\ع س 14510 03/26/2014 03/26/2014 كتاب

Powered By

EGPV